El período experimental del bachillerato internacional: objetivos y logros
Guardat en:
| Autor principal: | |
|---|---|
| Format: | Llibre |
| Idioma: | espanyol |
| Publicat: |
París
UNESCO
1974
|
| Col·lecció: | Experiencias e Innovaciones en Educación, 14
|
| Matèries: | |
| Etiquetes: |
Afegir etiqueta
Sense etiquetes, Sigues el primer a etiquetar aquest registre!
|
MARC
| LEADER | 00000nam a2200000 a 4500 | ||
|---|---|---|---|
| 001 | UCY2205 | ||
| 003 | CL-VaPUC | ||
| 008 | 941017e19740000FR |||||||||||||||||spa|d | ||
| 082 | 0 | 4 | |a 370.115 |b REN |2 21 |
| 100 | 0 | |a Renaud, Gerard |e author |9 330255 | |
| 245 | 1 | 3 | |a El período experimental del bachillerato internacional: objetivos y logros |
| 300 | |a 80 p | ||
| 942 | |c BK | ||
| 945 | |d 19941017 00:00:00 |a rbrito | ||
| 260 | |a París |b UNESCO |c 1974 | ||
| 650 | 0 | |a Innovaciones pedagógicas |9 307471 | |
| 650 | 0 | |a Métodos experimentales |9 310218 | |
| 583 | |a last modification |c 20160914 10:46:25 |k Rodrigo Vera | ||
| 490 | 0 | |a Experiencias e Innovaciones en Educación, 14 | |
| 999 | |c 230677 |d 230675 | ||
| 952 | |0 0 |1 0 |4 0 |6 370_115000000000000_REN_1974 |7 0 |8 P |9 233139 |a BIBEDU |b BIBEDU |c BIBEDU_PB |d 2019-11-15 |i 3018415 |o 370.115 REN 1974 |p 3018415 |r 2024-01-25 |w 2019-11-15 |y BK |k EDU | ||